| 000 | 00819nam a2200253Ia 4500 | ||
|---|---|---|---|
| 003 | OSt | ||
| 005 | 20221006145003.0 | ||
| 006 | a|||||r|||| 00| 0 | ||
| 007 | ta | ||
| 008 | 221006b |||||||| |||| 00| 0 eng d | ||
| 020 |
_a674937201 _c _9.95 |
||
| 024 | _a13,429 | ||
| 037 | _cTextual | ||
| 040 |
_aEASL _cEASL _beng |
||
| 041 |
_2eng _aeng |
||
| 082 | _aV4313:19410bY:1.M5, L1 | ||
| 100 |
_aWOODSIDE Alexander Barton _9653295 |
||
| 245 | 0 |
_aVietnam and the Chinese model _b A comparative study of Nguyen and Ching civil government in the first half of the nineteenth century |
|
| 260 |
_aCambridge _bHarvard University Press _c1971 |
||
| 300 |
_a358p. _ccm. |
||
| 490 | _v CEL | ||
| 942 |
_hV4313:19410bY:1.M5, L1 _cTEXL _2CC |
||
| 999 |
_c1081515 _d1081515 |
||